000 00525nam a2200217Ia 4500
003 OSt
005 20220928140443.0
006 a|||||r|||| 00| 0
007 ta
008 220927b |||||||| |||| 00| 0 eng d
024 _a8437
037 _cTextual
040 _aSDCL
_cSDCL
_beng
041 _2eng
_aeng
082 _aO-,2N37:g, M2
100 _aHunter Jim
_9495207
245 0 _aTom Stoppard's plays.
260 _c1982
942 _hO-,2N37:g, M2
_cTEXL
_2CC
999 _c811352
_d811352